[Event "World Rapid 2017"]
[Site "Riyadh KSA"]
[Date "2017.12.28"]
[Round "13.5"]
[White "Mamedyarov,S"]
[Black "Bu Xiangzhi"]
[Result "0-1"]
[WhiteElo "2799"]
[BlackElo "2730"]

1.d4 Nf6 2.c4 e6 3.Nf3 d5 4.Nc3 Bb4 5.Bg5 h6 6.Bxf6 Qxf6 7.Qc2 c5 8.cxd5 exd5
9.a3 Bf5 10.Qa4+ Bd7 11.Qb3 Bxc3+ 12.Qxc3 cxd4 13.Qxd4 Qxd4 14.Nxd4 Nc6 15.Rd1 Nxd4
16.Rxd4 Rc8 17.Kd2 Bf5 18.Rxd5 Rc2+ 19.Ke3 Bg6 20.f4 O-O 21.Kf3 f5 22.e3 Bh5+
23.Kg3 Re8 24.Re5 Rxe5 25.fxe5 Rc1 26.h3 Be2 27.Kf2 Bxf1 28.Rxf1 Rxf1+ 29.Kxf1 Kf7
30.Kf2 Ke6 31.Kg3 Kxe5 32.Kf3 a5 33.a4 g6 34.g3 g5 35.g4 Kf6 36.Kg3 Kg6 37.Kf3 fxg4+
38.hxg4 h5 39.gxh5+ Kxh5 40.e4 g4+ 41.Kg3 Kg5 42.e5 Kf5 43.e6 Kxe6 44.Kxg4 Kd5
45.Kf3 Kc4 46.Ke3 Kb3 47.Kd4 Kxb2 48.Kc4 Ka3 49.Kd4  0-1

[Event "World Rapid 2017"]
[Site "Riyadh KSA"]
[Date "2017.12.28"]
[Round "14.8"]
[White "Harikrishna,P"]
[Black "Mamedyarov,S"]
[Result "1/2-1/2"]
[WhiteElo "2744"]
[BlackElo "2799"]

1.e4 e5 2.Nf3 Nc6 3.Bb5 a6 4.Ba4 d6 5.c3 Bd7 6.d4 g6 7.dxe5 dxe5 8.O-O Bg7
9.Bg5 f6 10.Be3 Nh6 11.Bc5 Bf8 12.Bxf8 Kxf8 13.Qd2 Nf7 14.Rd1 Be8 15.Qxd8 Ncxd8
16.Bxe8 Kxe8 17.Nbd2 Nd6 18.Ne1 a5 19.Nc2 Ke7 20.Ne3 c6 21.Nec4 Nxc4 22.Nxc4 b5
23.Nb6 Rb8 24.Nd7 Rb7 25.Nc5 Rc7 26.a4 Nb7 27.Nxb7 Rxb7 28.axb5 Rxb5 29.Ra2 Rhb8  1/2-1/2

[Event "World Blitz 2017"]
[Site "Riyadh KSA"]
[Date "2017.12.29"]
[Round "1.12"]
[White "Esipenko,Andrey"]
[Black "Mamedyarov,S"]
[Result "1/2-1/2"]
[WhiteElo "2564"]
[BlackElo "2799"]

1.d4 Nf6 2.c4 b6 3.Nf3 Bb7 4.g3 g6 5.Nc3 Bg7 6.d5 O-O 7.Bg2 e6 8.O-O exd5
9.cxd5 Re8 10.Nd4 Na6 11.Qc2 Nc5 12.Rd1 a5 13.h3 Qe7 14.Bf4 d6 15.Nc6 Bxc6
16.dxc6 Nce4 17.Nb5 Rac8 18.g4 g5 19.Bh2 h5 20.Bf3 hxg4 21.hxg4 Nc5 22.Nd4 Nfe4
23.Nf5 Qe6 24.Kg2 d5 25.Rac1 Qxc6 26.b3 Qe6 27.e3 c6 28.Rh1 Nd7 29.Bxe4 dxe4
30.Qc4 Qxc4 31.Rxc4 Bf8 32.Bd6 Re6 33.Bxf8 Nxf8 34.Rh5 f6 35.Rc1 Rc7 36.Rhh1 Rh7
37.Nd4 Rd6 38.Rxh7 Kxh7 39.Nxc6 Ng6 40.Nd4 Ne5 41.Kg3 Rd7 42.Rc8 Kg6 43.Rb8 Rh7
44.Nf5 Rh1 45.Kg2 Ra1 46.Rxb6 Nxg4 47.Ng3 Rxa2 48.Nxe4 Nxe3+ 49.Kf3 Nd5 50.Rd6 Nf4
51.Rxf6+ Kg7 52.Rf5 Nd3 53.Rxg5+ Kf7 54.Rd5 Nc1 55.Rb5 Ra3 56.Nc5 a4 57.Nxa4 Nxb3
58.Kg2 Rxa4 59.Rxb3 Kf6 60.Kg3 Kf5 61.Rb5+ Kf6 62.f4 Ra1  1/2-1/2

[Event "World Blitz 2017"]
[Site "Riyadh KSA"]
[Date "2017.12.29"]
[Round "2.34"]
[White "Mamedyarov,S"]
[Black "Jobava,Ba"]
[Result "1/2-1/2"]
[WhiteElo "2799"]
[BlackElo "2690"]

1.d4 d5 2.c4 c6 3.cxd5 cxd5 4.Bg5 Nc6 5.Nc3 f6 6.Bd2 e5 7.e4 dxe4 8.dxe5 Nxe5
9.Qa4+ Bd7 10.Bb5 Nd3+ 11.Ke2 Nc5 12.Bxd7+ Qxd7 13.Qxd7+ Kxd7 14.Be3 f5 15.Nh3 Nf6
16.Rhd1+ Kc6 17.Nf4 g5 18.Nfd5 Nxd5 19.Rxd5 f4 20.Bd4 Rg8 21.Rf5 Re8 22.Bxc5 Bxc5
23.Rc1 f3+ 24.Kf1 b6 25.Na4 Ref8 26.Rxf8 Rxf8 27.b4 fxg2+ 28.Kg1 Kb5 29.Nxc5 bxc5
30.Rxc5+ Kxb4 31.Rxg5 a5 32.Re5 Rf4 33.Kxg2 a4 34.h3 a3 35.Kg3 Rf3+ 36.Kg2 Rf4
37.Kg3 Rf3+ 38.Kg2 Rf4 39.Re7 Kc3 40.Rb7 Kc2 41.Rb4 h5 42.Kg1 h4 43.Kg2 Kc1
44.Kg1 Kc2 45.Kg2 Kc1 46.Kg1 Kc2  1/2-1/2

[Event "World Blitz 2017"]
[Site "Riyadh KSA"]
[Date "2017.12.29"]
[Round "3.28"]
[White "Salgado Lopez,I"]
[Black "Mamedyarov,S"]
[Result "1-0"]
[WhiteElo "2644"]
[BlackElo "2799"]

1.Nf3 Nf6 2.b3 g6 3.Bb2 Bg7 4.c4 O-O 5.g3 d6 6.Bg2 e5 7.d3 Re8 8.O-O c6 9.Nbd2 h6
10.a3 Be6 11.Ne4 Nxe4 12.dxe4 a5 13.Qc2 Nd7 14.Ne1 a4 15.b4 Nb6 16.c5 dxc5
17.bxc5 Nc4 18.Bc3 Na5 19.Bb4 Nb3 20.Rd1 Nd4 21.Qb2 Bc4 22.Nd3 Qf6 23.Kh1 Rad8
24.f4 exf4 25.gxf4 Qh4 26.Bc3 Nxe2 27.Bxg7 Ng3+ 28.Kg1 Nxf1 29.Bh8 f6 30.Bxf6 Rxd3
31.Bxh4 Rxd1 32.Bf3 Rd7 33.Be1 Ne3 34.Qf6 Rf7 35.Qc3 Ref8 36.Qxe3 Rxf4 37.Bg2 Kh7
38.h3 Bf1 39.Bg3 R4f6 40.Bd6 R8f7 41.e5 Rf5 42.e6 R7f6 43.e7 Rg5 44.Qxg5  1-0

[Event "World Blitz 2017"]
[Site "Riyadh KSA"]
[Date "2017.12.29"]
[Round "4.45"]
[White "Mamedyarov,S"]
[Black "Haddouche,M"]
[Result "1-0"]
[WhiteElo "2799"]
[BlackElo "2505"]

1.d4 d6 2.Nf3 Nf6 3.g3 g6 4.b3 Bg7 5.Bb2 O-O 6.Bg2 Nbd7 7.O-O e5 8.dxe5 Ng4
9.c4 Ngxe5 10.Nc3 Re8 11.Qd2 Nxf3+ 12.Bxf3 Nc5 13.Rfe1 a5 14.Rad1 Be6 15.Nb5 Bxb2
16.Qxb2 Bd7 17.Nc3 Qf6 18.Qd2 Bc6 19.Bxc6 bxc6 20.e4 Rab8 21.Rb1 Rb4 22.Re3 Reb8
23.Rbe1 a4 24.e5 Qd8 25.Nb5 Na6 26.exd6 cxb5 27.d7  1-0

[Event "World Blitz 2017"]
[Site "Riyadh KSA"]
[Date "2017.12.29"]
[Round "5.31"]
[White "Kryvoruchko,Y"]
[Black "Mamedyarov,S"]
[Result "1-0"]
[WhiteElo "2689"]
[BlackElo "2799"]

1.e4 e5 2.Nf3 Nc6 3.Bc4 Bc5 4.O-O Nf6 5.d3 a6 6.h3 d6 7.c3 h6 8.a4 O-O 9.Re1 Re8
10.Nbd2 Ba7 11.b4 Qe7 12.Nf1 Nh5 13.Ne3 Nf4 14.Nd5 Nxd5 15.Bxd5 Nd8 16.d4 Qf6
17.Be3 exd4 18.Bxd4 Bxd4 19.Qxd4 Qxd4 20.cxd4 c6 21.Bb3 a5 22.bxa5 Rxa5 23.Nd2 Rg5
24.h4 Rg6 25.Nc4 Bg4 26.Re3 Re7 27.e5 d5 28.Nd6 Ne6 29.Bc2 Nxd4 30.Bxg6 fxg6
31.Rb1 Ne2+ 32.Kf1 Nf4 33.Rxb7 Re6 34.a5  1-0

[Event "World Blitz 2017"]
[Site "Riyadh KSA"]
[Date "2017.12.29"]
[Round "6.44"]
[White "Mamedyarov,S"]
[Black "Sanal,V"]
[Result "1-0"]
[WhiteElo "2799"]
[BlackElo "2551"]

1.d4 Nf6 2.Nf3 e6 3.c4 b6 4.a3 Bb7 5.Nc3 d5 6.Bg5 Be7 7.Qa4+ Qd7 8.Qc2 O-O
9.e3 c5 10.dxc5 bxc5 11.Rd1 Rd8 12.cxd5 exd5 13.Bc4 Qe6 14.Ba2 Nbd7 15.O-O Nb6
16.Rfe1 h6 17.Bh4 Qc6 18.e4 g5 19.Bg3 Nxe4 20.Ne5 Qf6 21.Nxe4 dxe4 22.Rxd8+ Rxd8
23.Nxf7 Bd5 24.Nxd8 Bxa2 25.Qxe4 Bxd8 26.Qe8+ Kh7 27.Bc7 Bf7 28.Bxd8 Bxe8
29.Bxf6 Bc6 30.Re7+ Kg6 31.Bc3 Bd7 32.h3  1-0

[Event "World Blitz 2017"]
[Site "Riyadh KSA"]
[Date "2017.12.29"]
[Round "7.30"]
[White "Volokitin,And"]
[Black "Mamedyarov,S"]
[Result "0-1"]
[WhiteElo "2628"]
[BlackElo "2799"]

1.e4 e5 2.Nf3 Nc6 3.Bc4 Bc5 4.O-O Nf6 5.d3 a6 6.c3 d6 7.Re1 h6 8.Nbd2 O-O
9.Nf1 Re8 10.Ng3 Ba7 11.Bb3 Ne7 12.d4 Ng6 13.h3 Qe7 14.Be3 Bd7 15.Bc2 Qf8
16.Qd2 Rad8 17.Rad1 Bc6 18.Qc1 exd4 19.Bxd4 Bxd4 20.cxd4 Bd7 21.Bb3 c6 22.e5 Nd5
23.Bc2 Ngf4 24.Bb1 dxe5 25.dxe5 Be6 26.Qc2 Ng6 27.a3 Ndf4 28.Ne4 Rxd1 29.Rxd1 Bf5
30.Qd2 Bxe4 31.Bxe4 Qe7 32.Qd6 Qxd6 33.Rxd6 Kf8 34.Rd7 Re7 35.Rd8+ Re8 36.Rd7 Nxe5
37.Rxb7 Ned3 38.Bxc6 Re2 39.b4 Rxf2 40.Nd4 g6 41.a4 Rd2 42.b5 axb5 43.axb5 h5
44.h4 Rd1+ 45.Kh2 Ne5 46.Nf3 Ng4+ 47.Kg3 Ne2+ 48.Kh3 Rh1+  0-1

[Event "World Blitz 2017"]
[Site "Riyadh KSA"]
[Date "2017.12.29"]
[Round "8.20"]
[White "Mamedyarov,S"]
[Black "Bocharov,D"]
[Result "1-0"]
[WhiteElo "2799"]
[BlackElo "2583"]

1.d4 Nf6 2.Nf3 e6 3.e3 b6 4.Bd3 Bb7 5.O-O d5 6.b3 Bd6 7.Bb2 O-O 8.Nbd2 Nbd7
9.Qe2 Ne4 10.c4 Qe7 11.Rac1 c5 12.dxc5 Ndxc5 13.Bb1 Nxd2 14.Nxd2 Rad8 15.Rfd1 Bb8
16.Qh5 h6 17.h4 f5 18.Qg6 Rf7 19.h5 Ne4 20.Nf3 dxc4 21.bxc4 Rff8 22.Rd4 Nc5
23.Rcd1 Rc8 24.R4d2 Bxf3 25.gxf3 Qf7 26.f4 Qe7 27.Bd4 Kh8 28.Kf1 Kg8 29.Ke2 e5
30.Bxc5 Qxc5 31.Bxf5 Rce8 32.Qh7+ Kf7 33.Rd7+  1-0

[Event "World Blitz 2017"]
[Site "Riyadh KSA"]
[Date "2017.12.29"]
[Round "9.15"]
[White "Fedoseev,Vl3"]
[Black "Mamedyarov,S"]
[Result "0-1"]
[WhiteElo "2718"]
[BlackElo "2799"]

1.e4 e5 2.Nf3 Nc6 3.Bb5 a6 4.Ba4 d6 5.c3 Bd7 6.d4 g6 7.O-O Bg7 8.Bg5 f6 9.Be3 Nh6
10.Bb3 Qe7 11.Bd5 Nd8 12.dxe5 dxe5 13.h3 Nhf7 14.Nbd2 Be6 15.Qa4+ Qd7 16.Qxd7+ Kxd7
17.Rad1 Bxd5 18.Nb3 Nd6 19.Rxd5 Ne6 20.Nfd2 Rad8 21.Nc5+ Ke7 22.a4 Nxc5 23.Bxc5 Ke6
24.Bxd6 Rxd6 25.Rxd6+ cxd6 26.Rd1 Rc8 27.c4 f5 28.b3 Bh6 29.exf5+ gxf5 30.Nb1 b5
31.cxb5 axb5 32.axb5 d5 33.Na3 Bf8 34.Ra1 Rb8 35.Kf1 Bxa3 36.Rxa3 d4 37.g4 fxg4
38.hxg4 Rxb5 39.f3 Rc5 40.Ra7 Rc1+ 41.Kf2 Rc2+ 42.Ke1 Rc3 43.Kf2 h6 44.Ra6+ Kd5
45.Rxh6 Rc2+ 46.Kg3 d3 47.Rh8 Kd4 48.g5 Ke3 49.g6 Rc6 50.Rh6 d2 51.g7 d1=Q
52.Rxc6 Qg1+  0-1

[Event "World Blitz 2017"]
[Site "Riyadh KSA"]
[Date "2017.12.29"]
[Round "10.8"]
[White "Mamedyarov,S"]
[Black "Cheparinov,I"]
[Result "1-0"]
[WhiteElo "2799"]
[BlackElo "2710"]

1.d4 Nf6 2.Nf3 d5 3.c4 e6 4.Nc3 Be7 5.e3 O-O 6.b3 c5 7.dxc5 dxc4 8.Bxc4 Bxc5
9.O-O Nc6 10.Bb2 Qe7 11.a3 Rd8 12.Qc2 Bd7 13.Ng5 h6 14.Nge4 Nxe4 15.Nxe4 Bb6
16.Rfd1 Bc7 17.b4 Be8 18.f4 Bb6 19.Qc3 f6 20.a4 Bg6 21.Nc5 Bxc5 22.bxc5 Be4
23.Ba3 Bd5 24.Bd3 e5 25.Bc2 Kh8 26.Rd2 exf4 27.exf4 Bg8 28.Rd6 Re8 29.Bb2 Rad8
30.Rxf6 Nd4 31.Rxh6+ gxh6 32.Qxd4+ Rxd4 33.Bxd4+ Qg7 34.Bxg7+ Kxg7 35.Rd1 Re2
36.Rd7+ Kf6 37.Bd3 Rb2 38.a5 Be6 39.Rd6 Ke7 40.f5 Bf7 41.Rxh6 Rd2 42.Rd6 Rb2
43.g4  1-0

[Event "World Blitz 2017"]
[Site "Riyadh KSA"]
[Date "2017.12.29"]
[Round "11.4"]
[White "Kravtsiv,M"]
[Black "Mamedyarov,S"]
[Result "0-1"]
[WhiteElo "2672"]
[BlackElo "2799"]

1.e4 e5 2.Nf3 Nc6 3.Bc4 Bc5 4.O-O Nf6 5.d3 a6 6.c3 d6 7.a4 h6 8.Nbd2 O-O
9.h3 Re8 10.Re1 Ba7 11.Nf1 Be6 12.Bxe6 Rxe6 13.Be3 d5 14.Bxa7 Rxa7 15.Ng3 Ra8
16.Qb3 b6 17.exd5 Qxd5 18.Qxd5 Nxd5 19.d4 exd4 20.Rxe6 fxe6 21.cxd4 Kf7 22.Rc1 Nde7
23.Ne2 Rd8 24.Kf1 Rd5 25.Nf4 Rd8 26.Nd3 Ke8 27.Nf4 Rd6 28.g4 Kd7 29.Ne2 g5
30.b3 Ng6 31.Ke1 Kc8 32.Rd1 Kb7 33.Rc1 Na5 34.Rc3 Ne7 35.Ne5 Nd5 36.Rf3 Nb4
37.Kd2 b5 38.axb5 axb5 39.Kc3 Nd5+ 40.Kb2 Nc6 41.Nf7 Rd7 42.Nxh6 Ndb4 43.Nf7 Rd5
44.Re3 Nxd4 45.Nxd4 Rxd4 46.Nxg5 c5 47.Nf3 Rf4 48.Ne1 Rxf2+ 49.Kc1 c4 50.bxc4 bxc4
51.g5 c3 52.Re4 Na2+ 53.Kb1 Rb2+ 54.Ka1 Nc1  0-1

[Event "World Blitz 2017"]
[Site "Riyadh KSA"]
[Date "2017.12.30"]
[Round "12.5"]
[White "Mamedyarov,S"]
[Black "Svidler,P"]
[Result "1/2-1/2"]
[WhiteElo "2799"]
[BlackElo "2765"]

1.d4 Nf6 2.c4 g6 3.Nc3 d5 4.cxd5 Nxd5 5.e4 Nxc3 6.bxc3 c5 7.Be3 Bg7 8.Nf3 Qa5
9.Nd2 Bd7 10.Rb1 Qxc3 11.d5 b6 12.Bc4 O-O 13.O-O Qa5 14.Qe2 e6 15.e5 exd5
16.Bxd5 Nc6 17.Nc4 Qa6 18.Rfd1 Nxe5 19.Bf4 Rae8 20.Qc2 Bf5 21.Qb3 Bxb1 22.Rxb1 b5
23.Ne3 c4 24.Qxb5 Qxb5 25.Rxb5 Rb8 26.Bxc4 Rxb5 27.Bxb5 Rc8 28.g3 Rc2 29.a4 Nf3+
30.Kg2 Nd4 31.Nxc2 Nxc2 32.Bb8 Bd4 33.f4 Bb6 34.Kf3 Nd4+ 35.Ke4 Kf8 36.Bd6+ Kg8
37.Bc4 Nf5 38.Bb8 Bg1 39.g4 Ne7 40.f5 Nc6 41.Bg3 Kg7 42.h4 f6 43.Kd5 Ne5
44.Be2 gxf5 45.gxf5 Bb6 46.Be1 Be3 47.a5 Kf7 48.Kd6 Bd4 49.a6 Bb6 50.Bb4 Kg7
51.Bc5 Bxc5+ 52.Kxc5 Kf7 53.Kd6 Kf8 54.h5 h6 55.Bb5 Kf7 56.Ba4 Kf8 57.Bb5 Kf7
58.Ba4 Kf8 59.Bb3 Nf3 60.Bd5 Ne5 61.Ke6 Kg7 62.Ke7 Nd3 63.Kd6 Kf8 64.Bb7 Kf7
65.Be4 Ne5 66.Bd5+ Kf8 67.Be4 Kf7 68.Bd5+ Kf8 69.Ke6 Kg7 70.Be4 Nc4 71.Kd5 Ne5
72.Kd6 Kf8 73.Bd5 Nd3 74.Be6 Nf4 75.Bd7 Nxh5 76.Ke6 Kg7 77.Kd6 Kf8 78.Ke6 Kg7
79.Kd6  1/2-1/2

[Event "World Blitz 2017"]
[Site "Riyadh KSA"]
[Date "2017.12.30"]
[Round "13.3"]
[White "Vachier Lagrave,M"]
[Black "Mamedyarov,S"]
[Result "1/2-1/2"]
[WhiteElo "2789"]
[BlackElo "2799"]

1.e4 e5 2.Nf3 Nc6 3.Bb5 a6 4.Ba4 d6 5.d4 b5 6.Bb3 Nxd4 7.Nxd4 exd4 8.Bd5 Rb8
9.Qxd4 Nf6 10.Bc6+ Bd7 11.Bxd7+ Qxd7 12.O-O Be7 13.b3 O-O 14.Bb2 Rfe8 15.Nd2 c5
16.Qd3 Rbd8 17.c4 Ng4 18.Rad1 Bf6 19.Bxf6 Nxf6 20.Rfe1 Qc6 21.f3 h6 22.Nf1 bxc4
23.bxc4 Qa4 24.Ne3 Qxa2 25.Ra1 Qb2 26.Rxa6 Nd7 27.Rb1 Qd4 28.Rxd6 Qxd3 29.Rxd3 Ne5
30.Rd5 Rxd5 31.cxd5 g6 32.Rc1 Rc8 33.Rc3 Kf8 34.f4 Nd7 35.Kf2 Ke7 36.Kf3 f6
37.Nc4 Rb8 38.Ke3 Rb1 39.Ra3 Re1+ 40.Kd3 Rd1+ 41.Ke2 Rd4 42.Nd2 f5 43.Rd3 fxe4
44.Rxd4 cxd4 45.Nxe4 Nb6 46.d6+ Ke6 47.Kd3 Kd5 48.g4 Nd7 49.h4 Nf8 50.g5 hxg5
51.fxg5 Nd7 52.h5 Ne5+ 53.Kd2 gxh5 54.g6 Ke6 55.Nc5+ Kf6 56.d7 Nxd7 57.Nxd7+ Kxg6
58.Ne5+ Kf5 59.Nf3  1/2-1/2

[Event "World Blitz 2017"]
[Site "Riyadh KSA"]
[Date "2017.12.30"]
[Round "14.1"]
[White "Mamedyarov,S"]
[Black "Carlsen,M"]
[Result "0-1"]
[WhiteElo "2799"]
[BlackElo "2837"]

1.d4 Nf6 2.c4 e6 3.Nf3 d5 4.Nc3 Be7 5.Bf4 O-O 6.e3 Nbd7 7.a3 c5 8.cxd5 Nxd5
9.Nxd5 exd5 10.dxc5 Nxc5 11.Be5 Bf5 12.Be2 Bf6 13.O-O Be4 14.Rc1 Ne6 15.Bc3 Rc8
16.Qd2 Bxc3 17.Rxc3 Rxc3 18.Qxc3 Bxf3 19.Bxf3 d4 20.exd4 Nxd4 21.Rd1 Nxf3+
22.Qxf3 Qe7 23.h3 h6 24.b4 Rc8 25.g3 b6 26.h4 Qe6 27.Kg2 Re8 28.Rd3 Qe7 29.Qd5 Qc7
30.Qd7 Re7 31.Qd5 Re8 32.b5 Qe5 33.Qd7 Qe4+ 34.Kg1 Re5 35.Rd1 Qf3 36.a4 Re4
37.Qd8+ Kh7 38.Qd5 Re1+  0-1

[Event "World Blitz 2017"]
[Site "Riyadh KSA"]
[Date "2017.12.30"]
[Round "15.10"]
[White "Melkumyan,H"]
[Black "Mamedyarov,S"]
[Result "0-1"]
[WhiteElo "2633"]
[BlackElo "2799"]

1.d4 Nf6 2.Nf3 b6 3.g3 Bb7 4.Bg2 g6 5.c4 Bg7 6.O-O O-O 7.d5 e6 8.Nc3 Re8
9.Nd4 exd5 10.cxd5 Na6 11.e4 Nc5 12.Re1 Nxd5 13.exd5 Rxe1+ 14.Qxe1 Bxd4 15.Be3 Bg7
16.Qd2 Qe7 17.Re1 Re8 18.Re2 Qd8 19.b4 Na6 20.a3 c5 21.Nb5 Qf6 22.h4 h6 23.Kh2 Bf8
24.Re1 Qf5 25.Rd1 cxb4 26.axb4 Nxb4 27.Nd4 Qf6 28.Nb5 Bc5 29.Bxc5 bxc5 30.Nc3 Qf5
31.Kg1 c4 32.Qxh6 Nd3 33.Qd2 a5 34.Ra1 d6 35.Nb5 Bxd5 36.Nxd6 Qf6 37.Nxe8 Qxa1+
38.Kh2 Bxg2 39.Qg5 Qh1+  0-1

[Event "World Blitz 2017"]
[Site "Riyadh KSA"]
[Date "2017.12.30"]
[Round "16.4"]
[White "Mamedyarov,S"]
[Black "Nepomniachtchi,I"]
[Result "1-0"]
[WhiteElo "2799"]
[BlackElo "2729"]

1.d4 Nf6 2.c4 g6 3.Nc3 d5 4.cxd5 Nxd5 5.e4 Nxc3 6.bxc3 Bg7 7.Be3 c5 8.Nf3 O-O
9.Be2 Qa5 10.Nd2 Qxc3 11.Rc1 Qa3 12.Rxc5 Nc6 13.Rc4 Qd6 14.d5 Ne5 15.Rc1 e6
16.Bc5 Qd8 17.Bxf8 Qxf8 18.f4 Nd7 19.dxe6 fxe6 20.O-O Nc5 21.e5 b6 22.Nb3 Bb7
23.Nxc5 bxc5 24.Bf3 Rd8 25.Qb3 Bd5 26.Bxd5 exd5 27.Qb5 c4 28.Kh1 Qf7 29.Rfd1 Qxf4
30.Rxc4 Qxe5 31.Rcd4 Qxd4 32.Rxd4 Bxd4 33.a4 Bg7 34.Qb3 Kh8 35.Qb7 d4 36.Qe7 Rf8
37.g3 a5 38.Qc5 Rf5 39.Qc8+ Rf8 40.Qc7 Ra8 41.Qb7 Rf8 42.Qd5 h5 43.Qxa5 Kh7
44.Kg2 d3 45.Qd5 Rb8 46.Qxd3 Rb2+ 47.Kh3 Ra2 48.Qc4 Ra3 49.Qb4 Ra2 50.a5 g5
51.Qe4+ Kh8 52.Qe8+ Kh7 53.Qxh5+  1-0

[Event "World Blitz 2017"]
[Site "Riyadh KSA"]
[Date "2017.12.30"]
[Round "17.2"]
[White "Karjakin,Sergey"]
[Black "Mamedyarov,S"]
[Result "1-0"]
[WhiteElo "2760"]
[BlackElo "2799"]

1.e4 e5 2.Nf3 Nc6 3.Bc4 Bc5 4.c3 Nf6 5.d3 a6 6.a4 d6 7.O-O h6 8.Re1 O-O 9.h3 Re8
10.b4 Ba7 11.Nbd2 Qe7 12.Nf1 Be6 13.Be3 Bxc4 14.dxc4 Qe6 15.Bxa7 Nxa7 16.Ne3 c6
17.Qd3 Rad8 18.Nh2 Nc8 19.Nhg4 Ne7 20.Nxf6+ Qxf6 21.Rad1 Qe6 22.Rd2 Ng6 23.Red1 Nf4
24.Qf1 h5 25.h4 Qg6 26.g3 Qxe4 27.gxf4 exf4 28.Ng2 f3 29.Ne3 Qxh4 30.Rd4 Qg5+
31.Kh2 c5 32.bxc5 dxc5 33.Rxd8 Rxd8 34.Rxd8+ Qxd8 35.Qh3 Qf6 36.Qxh5 Qxc3
37.Qxf3 Qb4 38.Kg2 g6 39.Qd5 b6 40.Qc6 Kg7 41.Qe8 Qc3 42.Qe4 Qa1 43.Nd5 Qxa4
44.Nxb6 Qa1 45.Nd7 Qa5 46.Qe5+ Kg8 47.Qe8+  1-0

[Event "World Blitz 2017"]
[Site "Riyadh KSA"]
[Date "2017.12.30"]
[Round "18.7"]
[White "Mamedyarov,S"]
[Black "Vidit,S"]
[Result "1/2-1/2"]
[WhiteElo "2799"]
[BlackElo "2715"]

1.d4 Nf6 2.c4 e6 3.Nf3 d5 4.Nc3 Bb4 5.Qc2 c5 6.a3 Bxc3+ 7.bxc3 Nc6 8.e3 O-O
9.a4 Re8 10.Be2 Bd7 11.O-O Rc8 12.cxd5 exd5 13.dxc5 Ne4 14.Ba3 Na5 15.Rfd1 Qf6
16.Bb4 Nc6 17.Rac1 Bf5 18.Rxd5 Bg6 19.Qb3 Qe6 20.Bc4 Nxf2 21.Re5 Qf6 22.Rxe8+ Rxe8
23.Kxf2 Ne5 24.Rf1 Ng4+ 25.Kg1 Nxe3 26.Rf2 Ng4 27.Re2 Rxe2 28.Bxe2 Qe7 29.Kf1 Qe3
30.Ke1 Qf2+ 31.Kd2 Qe3+ 32.Ke1 Bd3 33.Qd1 Qf2+ 34.Kd2 Qe3+ 35.Ke1 Qf2+ 36.Kd2 Qe3+  1/2-1/2

[Event "World Blitz 2017"]
[Site "Riyadh KSA"]
[Date "2017.12.30"]
[Round "19.7"]
[White "Grischuk,A"]
[Black "Mamedyarov,S"]
[Result "1/2-1/2"]
[WhiteElo "2772"]
[BlackElo "2799"]

1.Nf3 d5 2.e3 Nf6 3.c4 g6 4.cxd5 Nxd5 5.d4 Bg7 6.e4 Nb6 7.Be2 O-O 8.O-O c5
9.d5 e6 10.Nc3 exd5 11.exd5 Bxc3 12.bxc3 Qxd5 13.Nd2 Qe5 14.a4 Rd8 15.Ra3 Nc6
16.a5 Nd5 17.Nc4 Qf6 18.Qb3 Nf4 19.Bf3 Be6 20.Qb5 a6 21.Qa4 Rd3 22.Ne3 Rad8
23.Qe4 Ne5 24.Qxb7 R8d7 25.Qa8+ Rd8 26.Qb7 R3d7 27.Qe4 Nh3+ 28.gxh3 Nxf3+
29.Kh1 Bxh3 30.Ng4 Bxg4 31.Qxg4 Rd1 32.Qh3 Qe6 33.Qxe6 Rxf1+ 34.Kg2 Rg1+
35.Kxf3 fxe6 36.Be3 Rd3 37.Ke4 c4 38.Bd4 Rg4+ 39.Ke5 Kf7 40.Ra4 Rg5+ 41.Ke4 Rh3
42.Rxc4 Rh4+ 43.Kf3 e5 44.Rc7+ Ke6 45.Be3 Rf5+ 46.Kg3 Ra4 47.Rc6+ Kd5 48.Rxa6 h5
49.Rxg6 Rxa5 50.h3 Ra3 51.Bd2 Ke4 52.Kg2 Kd3 53.Rd6+ Ke2 54.Be3 Rxc3 55.Rd2+ Ke1
56.Ra2 Rc7 57.Kg3 Rd7 58.Rb2 Rc7 59.Ra2 Rc4 60.Kg2 Rf7 61.Rb2 Rg7+ 62.Kf3 Rf7+
63.Kg2 Rc6 64.Kg3 Rc4 65.Kg2 Kd1 66.Rd2+ Ke1 67.Rb2 h4 68.Rb5 Rg7+ 69.Kf3 Rf7+
70.Kg2 Rf5 71.Rb2 Rc8 72.Rb4 Rg8+ 73.Rg4 Rff8 74.Bc5 Rc8 75.Be3 Ke2 76.Bg5 Rcf8
77.Bxh4 Rxg4+ 78.hxg4 Rf4 79.Kh3 Kf3 80.g5 Rf7 81.Bg3 Rh7+ 82.Bh4 Rh8 83.g6 Rg8
84.Bg5 Rxg6 85.Be3 Rg4 86.Kh2 e4 87.Kh3 Rg2  1/2-1/2

[Event "World Blitz 2017"]
[Site "Riyadh KSA"]
[Date "2017.12.30"]
[Round "20.5"]
[White "Mamedyarov,S"]
[Black "Petrosian,TL"]
[Result "1/2-1/2"]
[WhiteElo "2799"]
[BlackElo "2601"]

1.d4 d6 2.Nf3 Bg4 3.g3 Bxf3 4.exf3 c6 5.Bg2 d5 6.O-O e6 7.Re1 Ne7 8.f4 g6
9.Nd2 Bg7 10.Nf3 Nd7 11.c3 c5 12.dxc5 Nxc5 13.Be3 Nd7 14.Bd4 O-O 15.h4 Bxd4
16.Nxd4 h5 17.Qd2 Nf6 18.Bf3 Nc6 19.Rad1 Kg7 20.Nb3 Qb6 21.Kg2 a5 22.Nc1 Ne7
23.Nd3 Nf5 24.Ne5 Rfd8 25.a4  1/2-1/2

[Event "World Blitz 2017"]
[Site "Riyadh KSA"]
[Date "2017.12.30"]
[Round "21.8"]
[White "Mamedyarov,S"]
[Black "Wang Yue"]
[Result "1-0"]
[WhiteElo "2799"]
[BlackElo "2690"]

1.d4 Nf6 2.c4 e6 3.Nf3 d5 4.Nc3 Nbd7 5.Bf4 Be7 6.a3 c6 7.e3 O-O 8.Qc2 b6
9.cxd5 exd5 10.Bd3 Bb7 11.O-O c5 12.Rfd1 c4 13.Bf5 g6 14.Bh3 a6 15.b3 b5
16.bxc4 dxc4 17.e4 Re8 18.Ne5 Bf8 19.Qe2 Qe7 20.Qf3 Bg7 21.Rd2 Rad8 22.Rad1 Nxe5
23.dxe5 Nh5 24.Rd7 Rxd7 25.Rxd7 Qxa3 26.Bd2 Qa1+ 27.Nd1 Kh8 28.Bc3 Qb1 29.Rxb7 Rd8
30.Bd7 Nf4 31.g3 Nd3 32.e6 Bxc3 33.e7 Rg8 34.e8=Q Rxe8 35.Bxe8 Bd4 36.Bxf7 Bxf2+
37.Kh1 Bd4 38.Rd7 Be5 39.h4  1-0

[Event "80th Tata Steel GpA"]
[Site "Wijk aan Zee NED"]
[Date "2018.01.14"]
[Round "2.4"]
[White "Hou Yifan"]
[Black "Mamedyarov,S"]
[Result "0-1"]
[WhiteElo "2680"]
[BlackElo "2804"]

1.e4 e6 2.d4 d5 3.Nc3 Bb4 4.exd5 exd5 5.Bd3 Nc6 6.a3 Ba5 7.Ne2 Nge7 8.O-O O-O
9.Bg5 f6 10.Be3 Bf5 11.Nf4 Bxc3 12.bxc3 Qd7 13.c4 Bxd3 14.Qxd3 Rad8 15.Rab1 b6
16.Rb5 dxc4 17.Qxc4+ Rf7 18.Rd1 Na5 19.Qd3 c6 20.Rbb1 Qf5 21.a4 g5 22.Nh5 Qxd3
23.Rxd3 Nd5 24.Bd2 Nc4 25.Re1 h6 26.h4 Kh7 27.g4 gxh4 28.Re6 Rd6 29.Rxd6 Nxd6
30.f3 f5 31.Be1 a5 32.Bxh4 b5 33.Ra3 Nc4 34.Ra1 fxg4 35.fxg4 Nde3 36.Nf6+ Kg6
37.d5 cxd5 38.axb5 Rxf6 39.Bxf6 Kxf6 40.c3 Ke6 41.b6 Kd7 42.Rb1 Kc8 43.b7+ Kb8
44.Kf2 a4 45.Ke2 a3 46.Kd3 Nxg4 47.Kd4 Nd2 48.Rb4 a2  0-1

[Event "80th Tata Steel GpA"]
[Site "Wijk aan Zee NED"]
[Date "2018.01.17"]
[Round "5.5"]
[White "Mamedyarov,S"]
[Black "Caruana,F"]
[Result "1-0"]
[WhiteElo "2804"]
[BlackElo "2811"]

1.d4 Nf6 2.c4 e6 3.Nf3 d5 4.Bg5 Bb4+ 5.Nbd2 dxc4 6.e3 b5 7.Be2 Bb7 8.O-O O-O
9.b3 c3 10.a3 Be7 11.Nb1 c5 12.Nxc3 a6 13.dxc5 Bxc5 14.Qc2 Nbd7 15.Rfd1 Rc8
16.Bxf6 gxf6 17.b4 Be7 18.Rac1 Qe8 19.Qb1 Nb6 20.Nd4 Kh8 21.Bf3 Bxf3 22.Nxf3 Nc4
23.Ne4 Qc6 24.Nfd2 Qb7 25.Nxc4 Rxc4 26.Rxc4 bxc4 27.Qc2 Rc8 28.h3 Qc6 29.Rd4 a5
30.Nd2 Rg8 31.g3 axb4 32.Rxc4 b3 33.Nxb3 Qf3 34.a4 Bd6 35.Rc8 Rxc8 36.Qxc8+ Kg7
37.Qc2 Bb4 38.Qc4 Qb7 39.a5 Bd6 40.a6 Qb6 41.Nd4 Qa5 42.Kg2 Qa3 43.Qc6  1-0

[Event "80th Tata Steel GpA"]
[Site "Wijk aan Zee NED"]
[Date "2018.01.24"]
[Round "10.3"]
[White "Svidler,P"]
[Black "Mamedyarov,S"]
[Result "0-1"]
[WhiteElo "2768"]
[BlackElo "2804"]

1.c4 Nf6 2.Nf3 e6 3.Nc3 d5 4.d4 Bb4 5.cxd5 exd5 6.Bf4 Ne4 7.Qa4+ Nc6 8.Rc1 O-O
9.g3 g5 10.Be3 f5 11.Bg2 f4 12.gxf4 Bxc3+ 13.bxc3 gxf4 14.Bd2 Kh8 15.Qb3 Na5
16.Qc2 Nc4 17.Rd1 Rg8 18.Ne5 Nxe5 19.Bxe4 Qg5 20.Bxf4 Qxf4 21.Bxd5 Bf5  0-1

[Event "80th Tata Steel GpA"]
[Site "Wijk aan Zee NED"]
[Date "2018.01.28"]
[Round "13.3"]
[White "Mamedyarov,S"]
[Black "Anand,V"]
[Result "1/2-1/2"]
[WhiteElo "2804"]
[BlackElo "2767"]

1.d4 Nf6 2.c4 e6 3.Nf3 d5 4.Nc3 Be7 5.Bf4 O-O 6.e3 c5 7.dxc5 Bxc5 8.Qc2 Nc6
9.Rd1 Qa5 10.a3 Re8 11.Nd2 e5 12.Bg5 Nd4 13.Qb1 Bf5 14.Bd3 Bxd3 15.Qxd3 Ne4
16.Ndxe4 dxe4 17.Qd2 Ne6 18.Bh4 Qa6 19.Qe2 Rac8 20.O-O Bf8 21.Qg4 Qxc4 22.Nxe4 Kh8
23.h3 Nc5 24.Nxc5 Qxg4 25.hxg4 Rxc5 26.Rd7 Rb5 27.b4 f6 28.g5 fxg5 29.Bxg5 a5
30.Rfd1 Kg8 31.Bd8 axb4 32.a4 Rc5 33.Rxb7 Rc8 34.Ba5 Rc4 35.Rd5 b3 36.Rxb3 Rxa4
37.Bc3 e4 38.Rb7 Ra6 39.Rdd7 Rg6 40.g3 Rc8 41.Bd4 Re8 42.Kg2 Rc8 43.Kh3 Re8
44.Rf7 Rc8 45.Rf4 Re8 46.Bc3 Rge6 47.Rff7 Rg6 48.Rfc7 Rd8 49.Kg2 Re8 50.Kf1 Rd8
51.Ke2 Re8 52.Kd1 Rg5 53.Kc2 Rf5 54.Bxg7 Bd6 55.Rd7 Rxf2+ 56.Kb3 Bxg3 57.Bd4 Be5
58.Bxe5 Rxe5 59.Rg7+ Kf8 60.Rxh7 Kg8 61.Kc4 Rg2 62.Rhe7 Rxe7 63.Rxe7 Kf8
64.Rxe4 Rg5 65.Kd4 Kf7 66.Re5 Rg1  1/2-1/2

[Event "2nd Bundesliga Sud 2017-18"]
[Site "Germany GER"]
[Date "2018.02.24"]
[Round "9.1"]
[White "Gozzoli,Y"]
[Black "Mamedyarov,S"]
[Result "1/2-1/2"]
[WhiteElo "2569"]
[BlackElo "2791"]

1.d4 e6 2.c4 Nf6 3.Nf3 d5 4.Nc3 c6 5.Bg5 h6 6.Bh4 dxc4 7.e4 g5 8.Bg3 b5 9.Be2 Bg7
10.e5 Nh5 11.a4 a6 12.O-O O-O 13.Qc2 Nxg3 14.hxg3 g4 15.Nh2 h5 16.Rad1 Ra7
17.Ne4 f5 18.exf6 Bxf6 19.Nxf6+ Rxf6 20.Qc3 Rg7 21.f3 gxf3 22.Rxf3 Nd7 23.Rdf1 Rfg6
24.Bd1 Qc7 25.Qe3 Qd6 26.Bc2 Rg5 27.b3 c5 28.dxc5 Qxc5 29.axb5 axb5 30.bxc4 bxc4
31.Qxc5 Rxc5 32.Re3 Re5 33.Rc3 Bb7 34.Rf2 Nb6 35.Nf3 Ra5 36.Re3 Bd5 37.Nd4 Rf7
38.Rf4 Ra2 39.Re2 Ra1+ 40.Kf2 c3 41.Nxe6 Bxe6 42.Rxe6 Nd5 43.Rf3 Ra2 44.Re2 Rb2
45.Ke1 Rxf3  1/2-1/2